Estrategias, planificación y gestión de ciencia y tecnologia / (Record no. 103561)

MARC details
000 -LEADER
campo de control de longitud fija 00498nam a2200181 4500
001 - NÚMERO DE CONTROL
campo de control 3809
005 - FECHA Y HORA DE LA ÚLTIMA TRANSACCIÓN
campo de control 20230410143536.0
008 - DATOS DE LONGITUD FIJA--INFORMACIÓN GENERAL
campo de control de longitud fija 060907n1993 dr spa
020 ## - NÚMERO INTERNACIONAL ESTÁNDAR DEL LIBRO
Número Internacional Estándar del Libro 9803170449
035 ## - NÚMERO DE CONTROL DEL SISTEMA
-- funglode3828
041 ## - CÓDIGO DE IDIOMA
Código de lengua del texto/banda sonora o título independiente EN
050 14 - SIGNATURA TOPOGRÁFICA DE LA BIBLIOTECA DEL CONGRESO
Número de clasificación T 24 E82 1993
245 0# - MENCIÓN DEL TÍTULO
Título Estrategias, planificación y gestión de ciencia y tecnologia /
Mención de responsabilidad, etc. Eduardo Martínez
260 ## - PUBLICACIÓN, DISTRIBUCIÓN, ETC.
Lugar de publicación, distribución, etc. Caracas :
Nombre del editor, distribuidor, etc. Nueva Sociedad,
Fecha de publicación, distribución, etc. 1993
300 ## - DESCRIPCIÓN FÍSICA
Extensión 518 p.
700 ## - ENTRADA AGREGADA--NOMBRE PERSONAL
Nombre de persona Martínez, Eduardo
942 ## - ELEMENTOS DE ENTRADA SECUNDARIOS (KOHA)
Fuente del sistema de clasificación o colocación Clasificación de Library of Congress
Tipo de ítem Koha
Holdings
Estatus retirado Estado de pérdida Fuente del sistema de clasificación o colocación Estado de daño No para préstamo Colección Biblioteca de origen Biblioteca actual Ubicación en estantería Fecha de adquisición Signatura topográfica completa Código de barras Visto por última vez Copia número Tipo de ítem Koha
    Clasificación de Library of Congress     Colección de Tecnología Biblioteca Juan Bosch Biblioteca Juan Bosch Humanidades (4to. Piso) 21/01/2019 T 24 E82 1993 00000002840 21/01/2019 1